Normal view
MARC view
- Jishitha Ravindran
Entry Personal Name
001 - CONTROL NUMBER
- control field: 3619
003 - CONTROL NUMBER IDENTIFIER
- control field: OSt
005 - DATE AND TIME OF LATEST TRANSACTION
- control field: 20181010104910.0
008 - FIXED-LENGTH DATA ELEMENTS
- fixed length control field: 181010|| aca||aabn | a|a d
040 ## - CATALOGING SOURCE
- Original cataloging agency: OSt
- Transcribing agency: OSt
100 ## - HEADING--PERSONAL NAME
- Personal name: Jishitha Ravindran
670 ## - SOURCE DATA FOUND
- Source citation: Work cat.: (OSt)15088: AISWARYA K. P 3617, Recommendations to rejuvenate river Bharathapuzha using GIS and watershed simulation model
